000 00374nam a2200145 i 4500
001 bg
100 1 _aKAMIŃSKI, Bartłomiej
245 0 _aŚwiat obecny, świat przyszły /
_cBartłomiej Kamiński, Marek Okólski.
260 _aWarszawa,
_c1978.
700 1 _aOKÓLSKI, Marek
040 _cBPK
041 _apol
942 _cKS
008 s pl f |000 0 pol
999 _c9504
_d9504
856 _uhttp://koha.tu.koszalin.pl/cgi-bin/koha/opac-detail.pl?biblionumber=9504
_yKatalog online BPK